00823cam a22002417a 4500003000500000005001700005008004100022010001000063011001000073020001500083035001000098040000900108100001900117245012500136260007700261300003000338410004500368490002600413650002400439650004700463810004500510830002600555CHAP20220817043745.0010220d2000 lk a r 00110 eng d a83578 a84550 a9290904216 a95071 cCHAP00aShah, Tushaar.10aPedaling out of poverty :bsocial impact of a manual irrigation technology in South Asiac/by Tushaar Shah, [and others] aColombo, Sri Lanka :bInternational Water Management Institute,cc.2000. a36 p. :bilus. ; gráfs. aInternational Water Management Institute 0aResearch reportv; 4514aIrrigaciónxAsia.14aIrrigaciónxInnovaciones tecnológicas.00aInternational Water Management Institute0 aResearch reportv; 45